000 00330 a2200145 4500
001 65678
020 _a978-85-7518-337-3
040 _cAnchieta - Pituba
240 1 0 _aCurso de espanõl - nivel 03
_lspa
245 1 0 _aCurso de espanõl - nivel 03
300 _a158
362 0 _a2010
650 4 _aLíngua espanhola
942 _cBK
999 _c65678
_d65678